[Event "London Golders Green op U1900 5th"]
[Site "London"]
[Date "2015.01.18"]
[Round "4"]
[White "Halpern, Miguel"]
[Black "Chauhan, Anurag Singh"]
[Result "1-0"]
[WhiteElo "1511"]
[BlackElo "1646"]
[PlyCount "57"]
[EventDate "2015.01.17"]
[EventType "swiss"]
[EventRounds "5"]
[EventCountry "ENG"]
[SourceTitle "EXT 2018"]
[Source "ChessBase"]
[SourceDate "2017.10.13"]
[SourceVersion "1"]
[SourceVersionDate "2017.10.13"]
[SourceQuality "1"]

1. b3 Nc6 2. Bb2 e5 3. e3 d5 4. Bb5 Qg5 5. Nf3 Bg4 6. Nxg5 Bxd1 7. Kxd1 f6 8. Ne6 Rc8 9. Nxf8 Kxf8 10. Bxc6 bxc6 11. d4 e4 12. Ba3+ Kf7 13. Nd2 Nh6 14. c4 Rhd8 15. Ke2 Ke6 16. cxd5+ cxd5 17. Rac1 Nf7 18. Rc6+ Nd6 19. Rhc1 Kd7 20. Bxd6 cxd6 21. Rxc8 Rxc8 22. Rxc8 Kxc8 23. Nb1 Kc7 24. b4 Kc6 25. a4 a6 26. Nc3 f5 27. f3 h6 28. f4 g6 29. h4 1-0